Jürgen Habermas: esfera pública y desobediencia civil /

Gorde:
Xehetasun bibliografikoak
Egile nagusia: Maestre, Agapito
Formatua: Texto
Gaiak:
Etiketak: Etiketa erantsi
Etiketarik gabe, Izan zaitez lehena erregistro honi etiketa jartzen!

MARC

LEADER 00000 a a2200000 04500
001 9619
003
040
100 |a Maestre, Agapito  
245 |a Jürgen Habermas:   |b esfera pública y desobediencia civil /  |c Agapito Maestre 
650 |a TEORIA  
650 |a SECTOR PUBLICO  
650 |a SOCIEDAD  
650 |a DEMOCRACIA  
650 |a PARTICIPACION SOCIAL  
650 |a CIENCIA POLITICA  
773 |g volumen 3, número 9; páginas 115-126  
999 |c 24514  |d 24514